书目信息 |
| 书名: | Mechanics | |
| 作者: | by L.D.LANDAU and E.M.LIFSHITZ. | |
| 分册号: | ||
| 分册名: | 出版地: |
|
| 出版社: | ||
| 出版时间: | ||
| 页数: | 169 p. ; | |
| 开本: | 20cm. | |
| 丛书名: | ||
| 中图分类号: | ||
| 科图分类号: | ||
| 其他分类号: | H31:O35 | |
| 主题词: | ||
| 电子资源: | ||
| 000 | 00336nam 2200133 a 4500 | |
| 001 | E0761505805 | |
| 005 | 20070209170730.43 | |
| 008 | 070209s 00010 eng | |
| 020 | @a0-08-021022-8. | |
| 040 | @aPFT@beng | |
| 090 | @aH31:O35 | |
| 099 | @dH31:O35@ex19 | |
| 245 | @aMechanics / @cby L.D.LANDAU and E.M.LIFSHITZ. | |
| 300 | @a169 p. ;@c20cm. | |
| Mechanics / / by L.D.LANDAU and E.M.LIFSHITZ. |
| 169 p. ; ; 20cm. |
| ISBN 0-08-021022-8. |
| ● |
| 相关链接 |
|
|
|
|
正题名:Mechanics
索取号:H31:O35/x19
 
预约/预借
| 序号 | 登录号 | 条形码 | 馆藏地/架位号 | 状态 | 备注 |
| 1 | 13203 | 000453486 | 第四借阅区/ [索取号:H31:O35/x19] | 在馆 | |
| 2 | 13204 | 000453404 | 第四借阅区/ [索取号:H31:O35/x19] | 在馆 | |
| 3 | 13206 | 000453440 | 第四借阅区/ [索取号:H31:O35/x19] | 在馆 | |
| 4 | 13207 | 000453529 | 第四借阅区/ [索取号:H31:O35/x19] | 在馆 |